<?xml version="1.0" encoding="UTF-8"?>
<record
    xmlns:xsi="http://www.w3.org/2001/XMLSchema-instance"
    xsi:schemaLocation="http://www.loc.gov/MARC21/slim http://www.loc.gov/standards/marcxml/schema/MARC21slim.xsd"
    xmlns="http://www.loc.gov/MARC21/slim">

  <leader>00673nam a22001577a 4500</leader>
  <controlfield tag="003">OSt</controlfield>
  <controlfield tag="005">20190712153012.0</controlfield>
  <controlfield tag="008">190712b        xxu||||| |||| 00| 0 eng d</controlfield>
  <datafield tag="040" ind1=" " ind2=" ">
    <subfield code="c">RUA</subfield>
  </datafield>
  <datafield tag="082" ind1=" " ind2=" ">
    <subfield code="a"> AGR PHO 2017 B633 Or.1</subfield>
  </datafield>
  <datafield tag="100" ind1=" " ind2=" ">
    <subfield code="9">13627</subfield>
    <subfield code="a">PHO KHEMARA  &#x1795;&#x17BC;&#x179A; &#x1781;&#x17C1;&#x1798;&#x200B;&#x179A;&#x17B6;</subfield>
  </datafield>
  <datafield tag="245" ind1=" " ind2=" ">
    <subfield code="a">comparison of chinese cabbage ( Brassica pekinensis) Varieties on sandy loam in dry season condition &#x1794;&#x17D2;&#x179A;&#x17C0;&#x1794;&#x1792;&#x17C0;&#x1794;&#x1796;&#x17BC;&#x1787;&#x179F;&#x17D2;&#x1796;&#x17C3;&#x1780;&#x17D2;&#x179A;&#x1789;&#x1789;&#x17CB;&#x179B;&#x17BE;&#x178A;&#x17B8;&#x179B;&#x17D2;&#x1794;&#x17B6;&#x1799;&#x1781;&#x17D2;&#x179F;&#x17B6;&#x1785;&#x17CB;&#x1780;&#x17D2;&#x1793;&#x17BB;&#x1784;&#x179B;&#x1780;&#x17D2;&#x1781;&#x1781;&#x178E;&#x17D2;&#x1792;&#x179A;&#x178A;&#x17BC;&#x179C;&#x1794;&#x17D2;&#x179A;&#x17B6;&#x17C6;&#x1784; </subfield>
  </datafield>
  <datafield tag="260" ind1=" " ind2=" ">
    <subfield code="a">RUA</subfield>
    <subfield code="b">phnom penh</subfield>
    <subfield code="c">2017</subfield>
  </datafield>
  <datafield tag="300" ind1=" " ind2=" ">
    <subfield code="a">xii;50p</subfield>
    <subfield code="b">ill;</subfield>
    <subfield code="c">29cm</subfield>
  </datafield>
  <datafield tag="942" ind1=" " ind2=" ">
    <subfield code="2">ddc</subfield>
    <subfield code="c">AGR</subfield>
  </datafield>
  <datafield tag="999" ind1=" " ind2=" ">
    <subfield code="c">17961</subfield>
    <subfield code="d">17961</subfield>
  </datafield>
  <datafield tag="952" ind1=" " ind2=" ">
    <subfield code="0">0</subfield>
    <subfield code="1">0</subfield>
    <subfield code="2">ddc</subfield>
    <subfield code="4">0</subfield>
    <subfield code="6">AGR_PHO_2017_000000000000000_B633_OR_1</subfield>
    <subfield code="7">0</subfield>
    <subfield code="9">79382</subfield>
    <subfield code="a">LBB</subfield>
    <subfield code="b">LBB</subfield>
    <subfield code="c">B633</subfield>
    <subfield code="d">2019-07-12</subfield>
    <subfield code="o">AGR PHO 2017 B633 Or.1</subfield>
    <subfield code="p">A42369</subfield>
    <subfield code="r">2019-07-12</subfield>
    <subfield code="w">2019-07-12</subfield>
    <subfield code="y">AGR</subfield>
  </datafield>
  <datafield tag="952" ind1=" " ind2=" ">
    <subfield code="0">0</subfield>
    <subfield code="1">0</subfield>
    <subfield code="2">ddc</subfield>
    <subfield code="4">0</subfield>
    <subfield code="6">AGR_PHO_2017_000000000000000_B633_OR_2</subfield>
    <subfield code="7">0</subfield>
    <subfield code="9">79383</subfield>
    <subfield code="a">LBB</subfield>
    <subfield code="b">LBB</subfield>
    <subfield code="c">B633</subfield>
    <subfield code="d">2019-07-12</subfield>
    <subfield code="o">AGR PHO 2017 B633 Or.2</subfield>
    <subfield code="p">A42444</subfield>
    <subfield code="r">2019-07-12</subfield>
    <subfield code="w">2019-07-12</subfield>
    <subfield code="y">AGR</subfield>
  </datafield>
  <datafield tag="952" ind1=" " ind2=" ">
    <subfield code="0">0</subfield>
    <subfield code="1">0</subfield>
    <subfield code="2">ddc</subfield>
    <subfield code="4">0</subfield>
    <subfield code="6">AGR_PHO_2017_000000000000000_B633_OR_3</subfield>
    <subfield code="7">0</subfield>
    <subfield code="9">79384</subfield>
    <subfield code="a">LBB</subfield>
    <subfield code="b">LBB</subfield>
    <subfield code="c">B633</subfield>
    <subfield code="d">2019-07-12</subfield>
    <subfield code="l">1</subfield>
    <subfield code="o">AGR PHO 2017 B633 Or.3</subfield>
    <subfield code="p">A42411</subfield>
    <subfield code="r">2024-01-02</subfield>
    <subfield code="s">2023-12-20</subfield>
    <subfield code="w">2019-07-12</subfield>
    <subfield code="y">AGR</subfield>
  </datafield>
  <datafield tag="952" ind1=" " ind2=" ">
    <subfield code="0">0</subfield>
    <subfield code="1">0</subfield>
    <subfield code="2">ddc</subfield>
    <subfield code="4">0</subfield>
    <subfield code="6">AGR_PHO_2017_000000000000000_B633_OR_4</subfield>
    <subfield code="7">0</subfield>
    <subfield code="9">79385</subfield>
    <subfield code="a">LBB</subfield>
    <subfield code="b">LBB</subfield>
    <subfield code="c">B633</subfield>
    <subfield code="d">2019-07-12</subfield>
    <subfield code="o">AGR PHO 2017 B633 Or.4</subfield>
    <subfield code="p">A42519</subfield>
    <subfield code="r">2019-07-12</subfield>
    <subfield code="w">2019-07-12</subfield>
    <subfield code="y">AGR</subfield>
  </datafield>
  <datafield tag="952" ind1=" " ind2=" ">
    <subfield code="0">0</subfield>
    <subfield code="1">0</subfield>
    <subfield code="2">ddc</subfield>
    <subfield code="4">0</subfield>
    <subfield code="6">AGR_PHO_2017_000000000000000_B633_OR_5</subfield>
    <subfield code="7">0</subfield>
    <subfield code="9">79386</subfield>
    <subfield code="a">LBB</subfield>
    <subfield code="b">LBB</subfield>
    <subfield code="c">B633</subfield>
    <subfield code="d">2019-07-12</subfield>
    <subfield code="l">1</subfield>
    <subfield code="o">AGR PHO 2017 B633 Or.5</subfield>
    <subfield code="p">A42069</subfield>
    <subfield code="r">2019-10-26</subfield>
    <subfield code="s">2019-10-12</subfield>
    <subfield code="w">2019-07-12</subfield>
    <subfield code="y">AGR</subfield>
  </datafield>
  <datafield tag="952" ind1=" " ind2=" ">
    <subfield code="0">0</subfield>
    <subfield code="1">0</subfield>
    <subfield code="2">ddc</subfield>
    <subfield code="4">0</subfield>
    <subfield code="6">AGR_PHO_2017_000000000000000_B633_OR_6</subfield>
    <subfield code="7">0</subfield>
    <subfield code="9">79387</subfield>
    <subfield code="a">LBB</subfield>
    <subfield code="b">LBB</subfield>
    <subfield code="c">B633</subfield>
    <subfield code="d">2019-07-12</subfield>
    <subfield code="l">1</subfield>
    <subfield code="o">AGR PHO 2017 B633 Or.6</subfield>
    <subfield code="p">A42154</subfield>
    <subfield code="r">2019-08-07</subfield>
    <subfield code="s">2019-07-17</subfield>
    <subfield code="w">2019-07-12</subfield>
    <subfield code="y">AGR</subfield>
  </datafield>
</record>
